| 000 | 00378nam a2200145Ia 4500 | ||
|---|---|---|---|
| 008 | 150201s2007 xx 000 0 und d | ||
| 082 |
_a610 _bS07F |
||
| 100 | _aFERRARI, ROBERTO | ||
| 245 | _aST-SEGMENT- ELEVATION MYOCARDIAL INFORCTION 128 QUS. & ANS. | ||
| 250 | _a1ST | ||
| 260 |
_bSERVIER _aFRANCE _c2007 |
||
| 300 | _a1-313 | ||
| 650 | _aGENERAL MEDICINE | ||
| 942 |
_2ddc _cBK |
||
| 999 |
_c1749 _d1749 |
||